Testing of elastomers. Determination of permeability of elastomers sheeting to liquid fuels. (Record no. 73340)

MARC details
000 -LEADER
fixed length control field 00369nam a2200121Ia 4500
245 #0 - TITLE STATEMENT
Title Testing of elastomers. Determination of permeability of elastomers sheeting to liquid fuels.
260 ## - PUBLICATION, DISTRIBUTION, ETC. (IMPRINT)
Year of publication 1975
500 ## - GENERAL NOTE
General note Standard number: DIN 53 532
650 ## - SUBJECT ADDED ENTRY--TOPICAL TERM
Topical Term Elastomers
650 ## - SUBJECT ADDED ENTRY--TOPICAL TERM
Topical Term Liquid fuel permeability
942 ## - ADDED ENTRY ELEMENTS (KOHA)
Koha item type Standards
Holdings
Withdrawn status Lost status Damaged status Not for loan Collection code Home library Current library Date acquired Koha item type
      Standards DIN standards/German Standards RRII Library RRII Library 31/12/2021 Standards